موسوعة الكلمات الاساسية / (Record no. 101567)

MARC details
000 -الفاتح
عناصر البيانات ثابتة الطول 00687cam a2200181 i 4500
005 - تاريخ ووقت آخر معاملة
حقل ضبط 20260217122208.0
008 - عناصر البيانات ثابتة الطول
عناصر البيانات ثابتة الطول 250721s2006 ua gr 000 0 ara d
020 ## - الترقيم الدولي المعياري للكتب (ردمك)
الترقيم الدولي المعياري للكتب (ردمك) 9772903385
082 14 - رقم تصنيف ديوي العشري
رقم التصنيف 413.3
رقم المادة م و س
100 1# - مدخل رئيسي – اسم شخصي
الاسم الشخصي الشرقاوي، دورلينغ كندرسلي
علاقة الشخص بالعمل/ دوره جامع.
245 10 - بيان العنوان
العنوان موسوعة الكلمات الاساسية /
بيان المسؤولية جمع وترتيب دكتور حسن عبدالله الشرقاوي.
264 31 - بيانات النشر، التوزيع…إلخ
مكان النشر، التوزيع...إلخ المنصورة :
اسم الناشر، الموزع...إلخ مكتبة الإيمان للنشر والتوزيع،
تاريخ النشر، التوزيع...إلخ 2006.
300 ## - الوصف المادي
عدد الوحدات المكونة للوعاء 256 صفحة.
650 17 - مدخل إضافي بالموضوع - مصطلح موضوعي
مصطلح موضوعي أو اسم جغرافي كعنصر مدخل علم المعاجم.
650 17 - مدخل إضافي بالموضوع - مصطلح موضوعي
مصطلح موضوعي أو اسم جغرافي كعنصر مدخل أسماء الأشخاص.
942 ## - بيانات إضافية (كوها)
نوع التنصيف Dewey Decimal Classification
نوع المادة (كوها) Books
Holdings
حالة السحب حالة الفقدان مصدر التصنيف حالة التلف غير قابل للإعارة المكتبة الرئيسية المكتبة الحالية موقع الرف تاريخ التزويد الرقم المتسلسل Total Checkouts رقم الإستدعاء الباركود تاريخ آخر ظهور تاريخ الفاتورة نوع المادة (كوها)
    Dewey Decimal Classification     المكتبة المركزية المكتبة المركزية الإعارة 28/07/2025 1048458   413.3 / م و س 1048458 28/07/2025 28/07/2025 Books
    Dewey Decimal Classification   Not For Loan المكتبة المركزية المكتبة المركزية مقتنيات قسم التزويد 28/07/2025 1048459   413.3/موس 1048459 28/07/2025 28/07/2025 Books
    Dewey Decimal Classification   Not For Loan المكتبة المركزية المكتبة المركزية مقتنيات قسم التزويد 28/07/2025 1048460   413.3/موس 1048460 28/07/2025 28/07/2025 Books
    Dewey Decimal Classification   Not For Loan المكتبة المركزية المكتبة المركزية مقتنيات قسم التزويد 28/07/2025 1048461   413.3/موس 1048461 28/07/2025 28/07/2025 Books
    Dewey Decimal Classification     مكتبة أبو علندا العامة مكتبة أبو علندا العامة الإعارة 28/07/2025 1048466   413.3/موس 1048466 28/07/2025 28/07/2025 Books
    Dewey Decimal Classification     مكتبة الأميرة ايمان العامة مكتبة الأميرة ايمان العامة الإعارة 28/07/2025 1048462   413.3/موس 1048462 28/07/2025 28/07/2025 Books
    Dewey Decimal Classification     مكتبة الحسن العامة مكتبة الحسن العامة الإعارة 28/07/2025 1048464   413.3/موس 1048464 28/07/2025 28/07/2025 Books
    Dewey Decimal Classification     مكتبة الراية الهاشمية للأطفال مكتبة الراية الهاشمية للأطفال الأطفال 26/03/2017 296578   413.3/موس PLD00404711 28/07/2025 26/03/2017 Books
    Dewey Decimal Classification     مكتبة حمزة العامة مكتبة حمزة العامة الإعارة 28/07/2025 1048465   413.3/موس 1048465 28/07/2025 28/07/2025 Books
    Dewey Decimal Classification     مكتبة صويلح العامة مكتبة صويلح العامة الإعارة 28/07/2025 1048463   413.3/موس 1048463 28/07/2025 28/07/2025 Books
Implemented & Customized by: BBB with SCIT (Smart Chains for Information Technology)

Powered by Koha